000 00451nam a2200181Ia 4500
005 20250603144826.0
008 250603s9999 xx 000 0 und d
020 _a9780007229741
050 _aPC 2111 .C65/
100 _aCollins, William
245 0 _aEasy learning french conversation in colour
260 _aBishopbriggs
260 _bHarpercollins Publishers
260 _c2006
300 _a308 p
650 _aBishopbriggs
942 _cBK
999 _c40062
_d40062